Statistics for Top Five GDP Countries by Continent

Click here to take the quiz!

General Stats

  • This quiz has been taken 263 times
  • The average score is 27 of 30

Answer Stats

ContinentGDP per CapitaCountry% Correct
Oceania1251Australia
98%
North America1753Canada
98%
Asia23,194China
98%
Europe4135Germany
98%
North America2406Mexico
98%
North America19,417United States
98%
Africa1198Egypt
97%
Europe2833France
97%
Oceania186New Zealand
97%
Africa762South Africa
97%
Europe2905United Kingdom
97%
South America3216Brazil
96%
Asia9489India
96%
Asia5420Japan
96%
Europe3938Russia
96%
South America913Argentina
95%
Europe2303Italy
95%
South America456Chile
94%
South America720Colombia
92%
Oceania9Fiji
92%
Africa1125Nigeria
92%
Asia3257Indonesia
89%
South America430Peru
89%
Africa635Algeria
84%
Africa301Morocco
78%
North America174Dominican Republic
77%
Oceania1Solomon Islands
77%
North America139Guatemala
75%
Oceania1Samoa
67%
Asia2082Turkey
67%

Score Distribution

Percentile by Number Answered

Percent of People with Each Score

Your Score History

You have not taken this quiz